Statistics for Music Trivia: Bands in Movies (real and fictional)

Click here to take the quiz!

General Stats

  • This quiz has been taken 90 times
    (26 since last reset)
  • The average score is 5 of 15

Answer Stats

HintAnswer% Correct
"Gimme Shelter" is a documentary about what band's 1969 tour?, which included the disastrous Altamont Free Concert. T__ R______ S_____The Rolling Stones
86%
Backbeat is a retelling of the early days for this UK foursome T__ B______The Beatles
81%
Rock 'n' Roll High School details a teenage girl's desire to meet this famous New York based quartet. T__ R______The Ramones
57%
The Last Waltz was a farewell concert by which music ensemble? T__ B___The Band
52%
In "Saving Silverman" there is a Neil Diamond tribute band called...? D_______ I_ T__ R____Diamonds in the Rough
38%
In "O Brother, Where Art Thou?", the main characters form a music group that records "Man of Constant Sorrow" What is the name of this ragtag ensemble?
T__ S____ B_____ B___
The Soggy Bottom Boys
38%
The chronicling of which fictitious group, is the subject of "That Thing You Do!" ? T__ W______ or T__ O______ (either will work)The Wonders or The Oneders
38%
In the movie, Almost Famous, what is the name of the band that teen-aged journalist, William Miller, followed around the country for the purpose of writing a Rolling Stone magazine article? S_________Stillwater
29%
In "Rock Star", Mark Wahlberg portrays the singer of a tribute band who gets the call to sing in the band he idolized. What is the name of this fictious band? S____ D_____Steel Dragon
19%
The documentary "Dig!" covered two real indie bands from the west coast. Name either one. T__ D____ W______ or T__ B____ J________ M_______The Dandy Warhols or The Brian Jonestown Massacre
19%
Airheads is a comedy with Steve Buscemi, Brendan Fraser and Adam Sandler portraying a band with this ironic name. T__ L___ R______The Lone Rangers
19%
This band in "High Fidelity" was originally called Sonic Death Monkey, was on the verge of changing their name to Kathleen Turner Overdrive, but when the lead singer played (and sung) by Jack Black, performs a cover of "Let's Get It On" they were billed as this. B____ J___ & T__ U_____ F___Barry Jive and the Uptown Five
10%
When Jake and Elwood reunited The Blues Brothers Band, they found five of their former mates performing a regular set in the Armada Room at a Chicago Holiday Inn. What was the name of this fictional five-some? M____ & T__ M____T____Murph and the MagicTones
5%
1980 concert film, Rockshow, features this real band. P___ M________ & W____Paul McCartney & Wings
5%
A Mighty Wind is a mockumentary about a reunion concert by three folk music groups. One is the duo Mitch & Mickey, name either of the two bands that complete this musical bill. T__ F_______ or T__ N__ M_________ S______The Folksmen or The New Mainstreet Singers
5%

Score Distribution

Percentile by Number Answered

Percent of People with Each Score

Your Score History

You have not taken this quiz since the last reset